| 000 | 01141nam a22003257a 4500 | ||
|---|---|---|---|
| 001 | 6218 | ||
| 003 | FISKH | ||
| 005 | 20250331092153.0 | ||
| 008 | 250331b cb ||||| |||| 00| 0 eng d | ||
| 020 | _a1577688163 | ||
| 040 |
_aDLC _cDLC _dDLC _beng |
||
| 050 | _aPZ7.M462 H | ||
| 082 | _a531 | ||
| 100 | 1 |
_aMayer, Mercer _d(1943-) |
|
| 245 | 0 | 0 |
_aHelping Mom / _cby Mercer Mayer. |
| 250 | _aThis edition first published in 2002 | ||
| 260 |
_aColumbus : _bMcGraw-Hill, _c2002. |
||
| 300 |
_a24 pages : _bcolor illustrations ; _c23 cm |
||
| 505 | _aG | ||
| 520 | _aSince Mom is sick, Little Critter tries extra hard to help get the house ready for Grandma and Grandpa's visit. | ||
| 521 | 8 |
_a370
_bLexile' |
|
| 521 | 8 |
_aG
_bRaz-Plus |
|
| 650 | 1 |
_aHelpfulness _vFiction. |
|
| 650 | 1 |
_aSilent letters _vHomophones |
|
| 856 | 4 | 2 |
_3Publisher description _uhttp://www.loc.gov/catdir/description/mh031/2001026662.html |
| 856 | 4 | 2 |
_3Contributor biographical information _uhttp://www.loc.gov/catdir/enhancements/fy1105/2001026662-b.html |
| 906 |
_a7 _bcbc _corignew _d1 _eocip _f20 _gy-gencatlg |
||
| 942 |
_2ddc _cBK _n0 |
||
| 999 |
_c6218 _d6218 |
||